| 000 | 00600nam a2200181Ia 4500 | ||
|---|---|---|---|
| 003 | GCL | ||
| 008 | 140319s9999 xx 000 0 ara d | ||
| 040 |
_aGCL / _cGCL |
||
| 082 | 0 | 4 |
_a239.7 _bع ت |
| 100 | 1 | _aعبدالله ابو السعود بدر | |
| 245 | 1 | 0 |
_aتفسير ام المؤمنين : عائشة رضى الله عنها / _cعبدالله ابو السعود بدر |
| 300 | _a297 ص | ||
| 490 | _a | ||
| 650 | 0 | 4 | _aالدين الاسلامى |
| 650 | 0 | 4 | _aعائشة بنت ابو بكر |
| 650 | 0 | 4 | _aزوجات النبى صلى الله عليه وسلم |
| 942 |
_2ddc _cBK |
||
| 999 |
_c47852 _d47852 |
||